<?xml version="1.0" encoding="UTF-8"?><?xml-stylesheet type="text/xsl" href="static/style.xsl"?><OAI-PMH xmlns="http://www.openarchives.org/OAI/2.0/" xmlns:xsi="http://www.w3.org/2001/XMLSchema-instance" xsi:schemaLocation="http://www.openarchives.org/OAI/2.0/ http://www.openarchives.org/OAI/2.0/OAI-PMH.xsd"><responseDate>2026-04-28T19:48:20Z</responseDate><request verb="GetRecord" identifier="oai:uvadoc.uva.es:10324/55404" metadataPrefix="marc">https://uvadoc.uva.es/oai/request</request><GetRecord><record><header><identifier>oai:uvadoc.uva.es:10324/55404</identifier><datestamp>2025-03-26T19:45:16Z</datestamp><setSpec>com_10324_7522</setSpec><setSpec>com_10324_5186</setSpec><setSpec>com_10324_29291</setSpec><setSpec>col_10324_55395</setSpec></header><metadata><record xmlns="http://www.loc.gov/MARC21/slim" xmlns:doc="http://www.lyncode.com/xoai" xmlns:xsi="http://www.w3.org/2001/XMLSchema-instance" xmlns:dcterms="http://purl.org/dc/terms/" xsi:schemaLocation="http://www.loc.gov/MARC21/slim http://www.loc.gov/standards/marcxml/schema/MARC21slim.xsd">
<leader>00925njm 22002777a 4500</leader>
<datafield tag="042" ind1=" " ind2=" ">
<subfield code="a">dc</subfield>
</datafield>
<datafield tag="720" ind1=" " ind2=" ">
<subfield code="a">Trincado Aznar, Estrella</subfield>
<subfield code="e">author</subfield>
</datafield>
<datafield tag="260" ind1=" " ind2=" ">
<subfield code="c">2022</subfield>
</datafield>
<datafield tag="520" ind1=" " ind2=" ">
<subfield code="a">Este artículo estudia la evolución de la doctrina de la usura desde la escolástica hasta el siglo dieciocho. Se estudian los antecedentes en la economía Antigua que llevaron a plantear los principios escolásticos y el concepto de precio justo y usura, en que tiempo y espacio se consideraba un “bien común”. En el salto al siglo dieciocho desaparece esa sensación espacio-temporal común, planteándose los bienes públicos como una suma de intereses privados. Sin embargo, esa visión moderna cierra la vía del reconocimiento mutuo que los escolásticos atisbaron.</subfield>
</datafield>
<datafield tag="024" ind2=" " ind1="8">
<subfield code="a">Journal of the Sociology and Theory of Religion; Vol. 14 Núm. Extra-1 (2022): Religiosos y economistas: La economía moral de la Escuela de Salamanca pags. 134-158</subfield>
</datafield>
<datafield tag="024" ind2=" " ind1="8">
<subfield code="a">2255-2715</subfield>
</datafield>
<datafield tag="024" ind2=" " ind1="8">
<subfield code="a">https://uvadoc.uva.es/handle/10324/55404</subfield>
</datafield>
<datafield tag="024" ind2=" " ind1="8">
<subfield code="a">10.24197/jstr.Extra-1.2022.134-158</subfield>
</datafield>
<datafield tag="024" ind2=" " ind1="8">
<subfield code="a">134</subfield>
</datafield>
<datafield tag="024" ind2=" " ind1="8">
<subfield code="a">Extra-1</subfield>
</datafield>
<datafield tag="024" ind2=" " ind1="8">
<subfield code="a">158</subfield>
</datafield>
<datafield ind1=" " ind2=" " tag="653">
<subfield code="a">Religión - Historia</subfield>
</datafield>
<datafield tag="245" ind1="0" ind2="0">
<subfield code="a">Tiempo y usura en los escolásticos</subfield>
</datafield>
</record></metadata></record></GetRecord></OAI-PMH>